00661cam a2200205 a 450000100070000000500170000700800410002402000150006504000180008008200250009810000190012324500990014225000090024126000630025030000120031349000140032594200060033995200970034599900130044225557920240118022349.0990610s1998 ce b 000 0 eng  a9555800340 aDLCcDLCdDLC00a306.2/0954221bIMT.1 aAhmed, Imtiaz,14aThe efficacy of the nation state in South Asia :ba post-nationalist critique /cImtiaz Ahmed. a1st. aColombo :bInternational Centre for Ethnic Studies,c1998. a81 p. ;1 aMonograph cL 001040708LaWERCLbWERCLd2024-01-18l0o306.2/0954 IMT.p2655r2024-01-18w2024-01-18yL c180d180